Top 40 biggest cities by area in Turkiye - Statistics

General Stats
  • This quiz has been taken 974 times
  • The average score is 5 of 40
Answers on the Grid
Answers color-coded by a green-red scale on the quiz's grid according to % correct below.
Adana
Adıyaman
Afyonkarahisar
Ağrı
Aksaray
Amasya
Ankara
Antalya
Ardahan
Artvin
Aydın
Balıkesir
Bartın
Batman
Bayburt
Bilecik
Bingöl
Bitlis
Bolu
Burdur
Bursa
Çanakkale
Çankırı
Çorum
Denizli
Diyarbakır
Düzce
Edirne
Elazığ
Erzincan
Erzurum
Eskişehir
Gaziantep
Giresun
Gümüşhane
Hakkari
Hatay
Iğdır
Isparta
İstanbul
İzmir
Kahramanmaraş
Karabük
Karaman
Kars
Kastamonu
Kayseri
Kilis
Kırıkkale
Kırklareli
Kırşehir
Kocaeli
Konya
Kütahya
Malatya
Manisa
Mardin
Mersin
Muğla
Muş
Nevşehir
Niğde
Ordu
Osmaniye
Rize
Sakarya
Samsun
Şanlıurfa
Siirt
Sinop
Şırnak
Sivas
Tekirdağ
Tokat
Trabzon
Tunceli
Uşak
Van
Yalova
Yozgat
Zonguldak
 
Answer Stats
Answer % Correct
Adana
66%
Ankara
50%
Antalya
37%
Konya
28%
Bursa
25%
Balıkesir
24%
Diyarbakır
23%
Erzurum
22%
Çanakkale
21%
İzmir
18%
Afyonkarahisar
16%
Sivas
15%
Denizli
13%
Kahramanmaraş
13%
Eskişehir
12%
Van
12%
Ağrı
10%
Kayseri
10%
Şanlıurfa
10%
Aydın
8%
Kastamonu
8%
Mersin
8%
Yozgat
8%
Erzincan
7%
Çorum
6%
Manisa
6%
Samsun
6%
Bolu
5%
Malatya
5%
Muğla
5%
Bingöl
4%
Elazığ
4%
Kütahya
4%
Mardin
4%
Bitlis
2%
Kars
2%
Muş
2%
Tokat
2%
Isparta
1%
Karaman
1%
No matching quizzes found
Score Distribution
Percent of People with Each Score
Percentile by Number Answered
Your Score History
You have not taken this quiz